200 mots aléatoire Harry Potter 2 #5 - Statistiques

Statistiques générales
  • Ce quiz a été pris 54 fois
  • Le résultat moyen est 90 sur 200
Statistiques - réponses
Réponses % Correct
s'
94%
d'
92%
Harry
92%
Harry,
92%
Harry.
92%
l'
90%
n'
90%
t'
90%
t-
90%
à
88%
c'
88%
le
86%
de
84%
se
84%
Il
82%
il
82%
—Il
82%
la
80%
est,
73%
est
73%
—Je
73%
du
71%
et
71%
ne
71%
un
71%
tu
69%
Tu
69%
pas
67%
on
65%
ça
63%
une
63%
que
61%
as
59%
Les
59%
les
59%
me
59%
ton
59%
au
57%
Au
57%
son
57%
ta
57%
en
55%
pour
53%
qui
53%
dit
51%
mon
51%
jour
49%
suis
49%
y
47%
fait
45%
dans
43%
amis
41%
école
41%
école,
41%
quel
41%
sais
41%
sur
37%
Dudley
35%
mère
35%
—Quoi?
35%
anniversaire,
33%
train
31%
yeux
31%
air
29%
autre
29%
bond.
29%
Comment
29%
demanda-
29%
leva
29%
lui
29%
lui.
29%
aucune
27%
sans
27%
vers
27%
bout
24%
demander
24%
même
24%
moment,
24%
parler
24%
—Pourquoi
24%
aies
22%
—Aujourd'
22%
hui,
22%
magique
22%
quelle
22%
reçu
22%
Deux
20%
gros
20%
semaine,
20%
aussi.
18%
jardin.
18%
jours
18%
regardait
18%
avançait
16%
serait
16%
voix
16%
carte?
14%
enfin
14%
soudain
14%
verts
14%
aperçut
12%
dandinant.
12%
formule
12%
meilleure
12%
répéta
12%
derrière.
10%
devant
10%
entende
10%
lança
10%
redressa
10%
répliqua
10%
absent
8%
apprendre
8%
arrêtant
8%
—Bravo,
8%
haie
8%
haie.
8%
haie?
8%
milieu
8%
réussi
8%
chantonna
6%
énormes
6%
mieux
6%
retentit
6%
vaudrait
6%
apparaître
4%
aussitôt.
4%
cesser
4%
disparurent
4%
fixer
4%
méprisant.
4%
moqueuse
4%
pantalon
4%
regardes
4%
remonta
4%
venaient
4%
zigotos?
4%
banc.
2%
feuillage.
2%
froidement
2%
glissait
2%
soupçonneux.
2%
Aucun quiz correspondant
Distribution des résultats
% des personnes avec chaque résultat
Percentile par nombre de réponses
Votre historique - résultats
Vous n’avez pas pris ce quiz